[Event "Portugal Open 2020"]
[Site "Lisbon"]
[Date "2020.01.25"]
[Round "1.12"]
[White "Spraggett, Kevin"]
[Black "Tieres, Cristiano"]
[Result "1-0"]
[WhiteElo "2501"]
[BlackElo "1852"]
[Annotator "ChessBase"]
[PlyCount "82"]
[EventDate "2020.01.25"]
[EventType "swiss"]
[EventCountry "POR"]
[SourceTitle "playchess.com"]
[Source "ChessBase"]
[SourceQuality "1"]
[TimeControl "5400+30"]

1. c4 {[%emt 0:00:00]} Nf6 {[%emt 0:00:00]} 2. Nc3 {[%emt 0:00:00]} g6 {[%emt 0:00:04]} 3. e4 {[%emt 0:00:02]} d6 {[%emt 0:00:06]} 4. d4 {[%emt 0:00:08]} Bg7 {[%emt 0:00:04]} 5. h3 {[%emt 0:00:37]} O-O {[%emt 0:00:07]} 6. Nf3 {[%emt 0:00:32]} e5 {[%emt 0:00:16]} 7. d5 {[%emt 0:00:06]} a5 8. g4 {[%emt 0:00:25]} Na6 {[%emt 0:00:50]} 9. Be3 {[%emt 0:03:14]} Nd7 10. Rg1 Kh8 {[%emt 0:15:58]} 11. g5 {[%emt 0:02:35]} Ndc5 {[%emt 0:00:22]} 12. h4 {[%emt 0:02:42]} Bd7 {[%emt 0:06:24]} 13. Nd2 {[%emt 0:03:49]} c6 {[%emt 0:02:02]} 14. h5 {[%emt 0:01:11]} Kg8 {[%emt 0:00:56]} 15. Qf3 {[%emt 0:03:14]} a4 {[%emt 0:23:31]} 16. a3 {[%emt 0:00:30]} b5 {[%emt 0:00:30]} 17. dxc6 {[%emt 0:01:44]} b4 {[%emt 0:00:22]} 18. c7 {[%emt 0:05:32]} Nxc7 {[%emt 0:05:17]} 19. axb4 {[%emt 0:00:07]} N5e6 {[%emt 0:01:03]} 20. b5 {[%emt 0:04:44]} Nd4 {[%emt 0:00:07]} 21. Qd1 {[%emt 0:02:11]} d5 {[%emt 0:07:52]} 22. exd5 {[%emt 0:03:23]} Bf5 {[%emt 0:01:04]} 23. Nce4 {[%emt 0:03:36]} Qb8 {[%emt 0:01:57]} 24. Bd3 {[%emt 0:02:22]} Ne8 {[%emt 0:03:48]} 25. Ra3 {[%emt 0:03:34]} Nd6 {[%emt 0:00:14]} 26. h6 {[%emt 0:07:20]} Bh8 {[%emt 0:00:17]} 27. f3 {[%emt 0:00:15]} Rc8 {[%emt 0:01:30]} 28. Bf2 {[%emt 0:00:38]} Nb7 {[%emt 0:02:52]} 29. Rg3 {[%emt 0:02:25]} Nd6 {[%emt 0:00:44]} 30. Kf1 {[%emt 0:01:23]} Qc7 {[%emt 0:05:50]} 31. Kg2 {[%emt 0:01:16]} Bxe4 {[%emt 0:04:38]} 32. fxe4 {[%emt 0:00:44]} Nb7 {[%emt 0:00:16]} 33. Rxa4 {[%emt 0:02:03]} Nc5 {[%emt 0:00:32]} 34. Rxa8 {[%emt 0:00:26]} Rxa8 {[%emt 0:00:01]} 35. b4 {[%emt 0:00:29]} Na4 {[%emt 0:01:57]} 36. c5 {[%emt 0:00:30]} Nc3 {[%emt 0:00:30]} 37. Qg4 {[%emt 0:00:30]} Ra1 {[%emt 0:00:30]} 38. b6 {[%emt 0:00:30]} Qb8 {[%emt 0:00:30]} 39. Qd7 {[%emt 0:04:16]} Nce2 {[%emt 0:00:00]} 40. Bxe2 {[%emt 0:00:23]} Nxe2 {[%emt 0:00:01]} 41. b7 {[%emt 0:00:21]} Nf4+ {[%emt 0:00:12]} 1-0

[Event "Portugal Open 2020"]
[Site "Lisbon"]
[Date "2020.01.25"]
[Round "1.13"]
[White "Porteman, Eric"]
[Black "Jaracz, Pawel"]
[Result "0-1"]
[WhiteElo "1847"]
[BlackElo "2466"]
[Annotator "TA"]
[PlyCount "62"]
[EventDate "2020.01.25"]
[EventType "swiss"]
[EventCountry "POR"]
[SourceTitle "playchess.com"]
[Source "ChessBase"]
[SourceQuality "1"]

{[%evp 10,62,-20,-20,-15,-49,12,12,19,0,-12,-22,-8,-16,-4,-39,-35,-49,-25,-31,-26,-36,-13,-20,-20,-20,-19,-15,-25,-18,-8,-57,-9,-101,-79,-87,-84,-215,-211,-203,-196,-325,-326,-400,-399,-672,-641,-613,-275,-263,-276,-252,-245,-491,-485]} 1. c4 Nf6 2. Nc3 e5 3. g3 Bb4 4. Nd5 Nxd5 5. cxd5 O-O 6. Bg2 d6 {A22: English Opening: 1...e5 2 Nc3 Nf6} 7. Nf3 (7. a3 Bc5 8. e3 Bf5 9. Ne2 Nd7 10. O-O Bb6 11. d4 Qe7 12. e4 Bg4 13. f3 Bh5 14. Be3 {½-½ (84) Harika,D (2514)-Potkin,V (2597) Almaty 2016}) 7... Nd7 ({Better is} 7... c6 $15) 8. O-O $11 Nf6 {The position is equal.} 9. Qb3 $146 ({Predecessor:} 9. a3 Ba5 10. b4 Bb6 11. Qb3 Re8 12. d3 a5 13. Nd2 axb4 14. Nc4 {0-1 (21) Larsen,A (1851)-Schmidt,K (2289) Helsingor 2011}) 9... Bc5 10. d3 h6 11. Bd2 Bd7 12. h3 Re8 13. e4 c6 14. dxc6 Bxc6 15. Rac1 Qd7 16. Qd1 Bb6 17. Bc3 Bc7 18. Re1 Rad8 19. Qc2 d5 20. exd5 Qxd5 21. Nh4 (21. d4 $11 {remains equal.}) 21... Qxd3 22. Bxc6 bxc6 23. Qa4 (23. Re2 $17) 23... Bb6 $19 {aiming for ...Qxg3+.} 24. Kg2 Qd5+ 25. Kg1 (25. f3 $142) 25... g5 ({Not} 25... Qd3 26. Kg2 $19) 26. Nf5 Qf3 $1 {[%csl LRf2,LRf5]} 27. Ne3 $2 (27. Qc2 Rd3 28. Ne3 Rxe3 {[%mdl 64] Decoy} 29. fxe3 Qxg3+ 30. Kh1 Bxe3 31. Qg2 Qxg2+ 32. Kxg2 Bxc1 33. Rxc1) 27... Ne4 28. Qc2 {[#] Now Qe2 and White clings on.} Rd3 (28... Rd2 $142 $1 {[%mdl 512]} 29. Qxd2 (29. Bxd2 Qxf2+) 29... Nxd2 30. Bxd2 f5) 29. Qe2 Qxe2 30. Rxe2 {[#]} Nxg3 $1 {[%mdl 512]} 31. fxg3 $2 (31. Ree1) 31... Bxe3+ {Accuracy: White = 29%, Black = 53%.} 0-1

[Event "Portugal Open 2020"]
[Site "Lisbon"]
[Date "2020.01.25"]
[Round "1.14"]
[White "Stella, Andrea"]
[Black "Taylor, Robert M"]
[Result "1-0"]
[WhiteElo "2465"]
[BlackElo "2188"]
[Annotator "TA"]
[PlyCount "51"]
[EventDate "2020.01.25"]
[EventType "swiss"]
[EventCountry "POR"]
[SourceTitle "playchess.com"]
[Source "ChessBase"]
[SourceQuality "1"]

{[%evp 16,83,36,45,54,51,53,45,43,40,43,8,8,5,12,7,8,-1,0,-24,-15,-23,-17,-47,20,-136,85,81,112,110,112,108,105,119,117,100,250,235,231,233,246,245,251,235,250,265,253,253,239,247,260,207,276,277,427,397,441,450,440,447,579,566,1175,1143,1314,1314,1309,1153,2243,1822]} 1. d4 Nf6 2. c4 g6 3. g3 Bg7 4. Bg2 O-O 5. Nc3 d6 6. Nf3 Nc6 7. O-O e5 8. dxe5 dxe5 9. Bg5 Qxd1 {E62: King's Indian: Fianchetto: 6...c6 and Panno Variation (6...Nc6) without ...a6} (9... Be6 10. Qa4 Qb8 11. Bxf6 Bxf6 12. Nd2 Bg7 13. Rfd1 Rd8 14. Nb3 Nd4 15. Nc5 c6 16. e3 Bg4 17. exd4 exd4 18. N3e4 Bxd1 19. Rxd1 {1-0 (32) Carlsen,M (2835)-Firouzja,A (2607) St Petersburg 2018}) 10. Rfxd1 h6 11. Be3 Bf5 {White is slightly better.} 12. h3 $146 ({Predecessor:} 12. Nd5 Ng4 13. Nxc7 Nxe3 14. fxe3 Rad8 15. Nd5 Be4 16. Ne1 Bxg2 17. Kxg2 {½-½ (48) Alfaro Caracas,W (2149)-Espinoza,J (2110) Managua 2018}) 12... Rfd8 13. Nb5 Ne8 14. g4 Be6 15. Nd2 a6 16. Nc3 f5 17. Na4 e4 18. gxf5 gxf5 19. f3 Bd4 (19... Nd4 $15 20. Bxd4 Bxd4+ 21. Kh1 b5) 20. Kf2 $2 {[#]} (20. Bxd4 $11 Nxd4 21. fxe4) 20... Ne5 $2 (20... Bxe3+ $17 {stays on course.} 21. Kxe3 Nd4 22. fxe4 Nc2+ 23. Kf2 Nxa1 24. exf5 Bxf5 25. Bxb7 Nc2 26. Bxa8 Rxa8) 21. fxe4 $16 fxe4 22. Bxd4 Rxd4 23. Nxe4 Rad8 24. Rxd4 Rxd4 25. b3 {[%cal Bb2b3,Bb3a4,Ba4a5,Ba5a6][%mdl 32]} b5 (25... b6 $16 {might work better.}) 26. cxb5 {Played: Na4-c5} 1-0

[Event "Portugal Open 2020"]
[Site "Lisbon"]
[Date "2020.01.25"]
[Round "1.15"]
[White "Burghardt, Michael"]
[Black "Haldorsen, Benjamin"]
[Result "0-1"]
[WhiteElo "1839"]
[BlackElo "2463"]
[Annotator "TA"]
[PlyCount "56"]
[EventDate "2020.01.25"]
[EventType "swiss"]
[EventCountry "POR"]
[SourceTitle "playchess.com"]
[Source "ChessBase"]
[SourceQuality "1"]

{[%evp 9,56,-9,0,-5,15,16,16,20,23,-11,-6,-49,-40,-54,-55,-59,-19,-22,-29,-31,-31,-28,-25,-22,26,-8,0,-6,0,-22,0,-36,-36,-113,-114,-95,-99,-103,-93,-168,-122,-156,-143,-300,-185,-401,-310,-304,-209]} 1. d4 Nf6 2. Nc3 d5 3. Bf4 e6 4. Nb5 Na6 5. e3 c6 (5... Be7 6. Nf3 O-O 7. Bd3 c6 8. Nc3 Nb4 9. h3 Nxd3+ 10. cxd3 b6 11. O-O Bb7 {0-1 (40) Rapport,R (2731)-Giri,A (2783) Wijk aan Zee 2019}) 6. Nc3 {D00: 1 d4 d5: Unusual lines} Nc7 7. Bd3 c5 8. dxc5 {The position is equal.} Bxc5 9. Qf3 $146 ({Predecessor:} 9. Nf3 Bd6 10. O-O Bxf4 11. exf4 O-O {½-½ (69) To,N (2315)-Sredojevic,I (2355) Budapest 2016}) 9... Bd6 10. e4 e5 {[#] And now ...Bg4 would win.} 11. Bg5 {[%cal Re4d5]} d4 12. Nb5 Be7 (12... Nxb5 {seems wilder.} 13. Bxb5+ Kf8 14. Bd3 Bb4+ 15. Kf1 Be7) 13. Nxc7+ Qxc7 14. Bxf6 Bxf6 15. Ne2 h5 16. h3 Qb6 17. O-O g5 18. Bb5+ Kf8 19. Qd3 Kg7 20. Ng3 h4 21. Nf5+ (21. Ne2 $15) 21... Bxf5 $1 $17 22. exf5 {[#]} e4 $1 $36 {[%mdl 2560] Black has strong initiative.} 23. Qb3 (23. Qxe4 Qxb5) 23... Rad8 24. Rad1 (24. Rae1 $17 {might work better.}) 24... Qc5 25. Be2 Qxf5 {Threatens to win with ...Be5.} 26. Qxb7 $2 (26. f3 $17 d3 27. cxd3 exd3 28. Rxd3) 26... Rhe8 27. Qxa7 $2 (27. Bg4 Qf4 28. Kh1) 27... Qf4 {aiming for ...Be5.} 28. Bh5 Re7 {Accuracy: White = 41%, Black = 52%.} 0-1

[Event "Portugal Open 2020"]
[Site "Lisbon"]
[Date "2020.01.25"]
[Round "1.16"]
[White "Janik, Igor"]
[Black "Quintino, Luis Filipe Pires De"]
[Result "1-0"]
[WhiteElo "2453"]
[BlackElo "1839"]
[Annotator "ChessBase"]
[PlyCount "61"]
[EventDate "2020.01.25"]
[EventType "swiss"]
[EventCountry "POR"]
[SourceTitle "playchess.com"]
[Source "ChessBase"]
[SourceQuality "1"]
[TimeControl "5400+30"]

1. e4 {[%emt 0:00:00]} d5 {[%emt 0:00:00]} 2. exd5 {[%emt 0:00:00]} Qxd5 {[%emt 0:00:00]} 3. Nf3 {[%emt 0:00:00]} Bg4 {[%emt 0:00:00]} 4. Be2 {[%emt 0:00:00]} Nf6 {[%emt 0:00:00]} 5. d4 {[%emt 0:01:17]} e6 {[%emt 0:00:19]} 6. O-O {[%emt 0:00:23]} Be7 {[%emt 0:00:17]} 7. c4 {[%emt 0:00:14]} Qd8 {[%emt 0:00:28]} 8. Qb3 {[%emt 0:01:49]} Qc8 {[%emt 0:00:54]} 9. Nc3 {[%emt 0:00:40]} c6 {[%emt 0:00:36]} 10. Bf4 {[%emt 0:01:44]} O-O {[%emt 0:01:12]} 11. Rad1 {[%emt 0:03:59]} Rd8 {[%emt 0:04:38]} 12. h3 {[%emt 0:00:41]} Bxf3 {[%emt 0:18:09]} 13. Bxf3 {[%emt 0:00:08]} Na6 {[%emt 0:00:15]} 14. Rfe1 {[%emt 0:02:28]} Rd7 {[%emt 0:07:51]} 15. Be5 {[%emt 0:09:13]} Qd8 {[%emt 0:14:25]} 16. a3 {[%emt 0:02:07]} Qf8 {[%emt 0:13:15]} 17. Qa4 {[%emt 0:05:39]} Nc7 {[%emt 0:06:36]} 18. Re3 {[%emt 0:01:47]} Nfe8 {[%emt 0:03:10]} 19. d5 {[%emt 0:02:40]} exd5 {[%emt 0:03:33]} 20. cxd5 {[%emt 0:00:13]} b5 {[%emt 0:01:53]} 21. Qg4 {[%emt 0:00:50]} Rad8 {[%emt 0:03:49]} 22. dxc6 {[%emt 0:00:34]} f5 {[%emt 0:05:45]} 23. Qg3 {[%emt 0:00:46]} Rxd1+ {[%emt 0:00:10]} 24. Bxd1 {[%emt 0:00:06]} Bd6 {[%emt 0:01:41]} 25. Bb3+ {[%emt 0:00:49]} Kh8 {[%emt 0:00:04]} 26. Qh4 {[%emt 0:00:18]} Nf6 {[%emt 0:03:49]} 27. Bc2 {[%emt 0:02:32]} Bxe5 {[%emt 0:02:25]} 28. Rxe5 {[%emt 0:00:08]} g6 {[%emt 0:04:50]} 29. Nxb5 {[%emt 0:00:20]} Nxb5 {[%emt 0:00:50]} 30. Rxb5 {[%emt 0:00:03]} Qe7 {[%emt 0:01:56]} 31. c7 {[%emt 0:00:29]} 1-0

[Event "Portugal Open 2020"]
[Site "Lisbon"]
[Date "2020.01.25"]
[Round "1.17"]
[White "Elias, Ruben Joel Monteiro"]
[Black "Martin Duque, Jesus"]
[Result "0-1"]
[WhiteElo "1837"]
[BlackElo "2447"]
[Annotator "NA"]
[PlyCount "90"]
[EventDate "2020.01.25"]
[EventType "swiss"]
[EventCountry "POR"]
[SourceTitle "playchess.com"]
[Source "ChessBase"]
[SourceQuality "1"]
[TimeControl "5400+30"]

1. e4 {[%emt 0:00:00]} c5 {[%emt 0:00:00]} 2. Nf3 {[%emt 0:00:00]} e6 {[%emt 0:00:00]} 3. d4 {[%emt 0:00:00]} cxd4 {[%emt 0:00:00]} 4. Nxd4 {[%emt 0:00:00]} Nc6 {[%emt 0:00:00]} 5. c4 {[%emt 0:03:19]} Nf6 {[%emt 0:00:00]} 6. Nc3 {[%emt 0:00:09]} Bb4 {[%emt 0:00:00]} 7. Nxc6 {[%emt 0:00:19]} bxc6 {[%emt 0:00:00]} 8. Bd3 {[%emt 0:00:27]} e5 {[%emt 0:00:11]} 9. O-O {[%emt 0:00:28]} d6 {[%emt 0:00:30]} 10. Bg5 {[%emt 0:00:35]} O-O {[%emt 0:01:50]} 11. Qf3 {[%emt 0:03:47]} Be6 {[%emt 0:01:26]} 12. Bxf6 {[%emt 0:01:39]} Qxf6 {[%emt 0:00:03]} 13. Qxf6 {[%emt 0:00:21]} gxf6 {[%emt 0:00:02]} 14. Ne2 {[%emt 0:00:30]} Bc5 {[%emt 0:02:32]} 15. Ng3 {[%emt 0:01:00]} Rfb8 {[%emt 0:00:17]} 16. b3 {[%emt 0:00:40]} Kf8 {[%emt 0:00:17]} 17. Kh1 {[%emt 0:04:59]} a5 {[%emt 0:00:55]} 18. f4 {[%emt 0:25:38]} a4 {[%emt 0:00:17]} 19. fxe5 {[%emt 0:01:57]} fxe5 {[%emt 0:01:33]} 20. Rab1 {[%emt 0:05:48]} axb3 {[%emt 0:00:33]} 21. Rxb3 {[%emt 0:00:23]} Rd8 {[%emt 0:02:30]} 22. Rb7 {[%emt 0:07:37]} Rxa2 {[%emt 0:00:21]} 23. h3 {[%emt 0:01:15]} Ra3 {[%emt 0:03:11]} 24. Rf3 {[%emt 0:07:27]} Ra7 {[%emt 0:00:15]} 25. Rb1 {[%emt 0:03:31]} Rda8 {[%emt 0:00:14]} 26. Rbf1 {[%emt 0:01:33]} Ra1 {[%emt 0:00:17]} 27. Nf5 {[%emt 0:00:34]} Rxf1+ {[%emt 0:00:31]} 28. Rxf1 {[%emt 0:00:25]} Ra3 {[%emt 0:00:00]} 29. Be2 {[%emt 0:02:57]} Ra2 {[%emt 0:00:13]} 30. Bd3 {[%emt 0:02:17]} Rd2 {[%emt 0:00:11]} 31. Rf3 {[%emt 0:01:01]} Rd1+ {[%emt 0:04:41]} 32. Kh2 {[%emt 0:00:39]} Rc1 {[%emt 0:00:45]} 33. Ne3 {[%emt 0:05:35]} Bxe3 {[%emt 0:00:26]} 34. Rxe3 {[%emt 0:00:07]} Bxc4 {[%emt 0:00:11]} 35. Bxc4 {[%emt 0:01:03]} Rxc4 {[%emt 0:00:02]} 36. Kg3 {[%emt 0:00:24]} Ke7 {[%emt 0:00:01]} 37. Kf3 {[%emt 0:00:20]} Ke6 {[%emt 0:00:02]} 38. g4 {[%emt 0:00:52]} d5 {[%emt 0:00:34]} 39. exd5+ {[%emt 0:00:21]} cxd5 {[%emt 0:00:02]} 40. Ra3 {[%emt 0:00:24]} Rf4+ {[%emt 0:00:05]} 41. Ke3 {[%emt 0:00:35]} d4+ {[%emt 0:00:05]} 42. Ke2 {[%emt 0:00:16]} Kd5 {[%emt 0:00:07]} 43. Ra8 {[%emt 0:00:23]} Ke4 {[%emt 0:00:10]} 44. Rh8 {[%emt 0:00:23]} d3+ {[%emt 0:00:06]} 45. Ke1 {[%emt 0:00:30]} Ke3 {[%emt 0:00:04]} 0-1

[Event "Portugal Open 2020"]
[Site "Lisbon"]
[Date "2020.01.25"]
[Round "1.18"]
[White "Stachowiak, Kamil"]
[Black "Pfeiffer, Noah"]
[Result "1-0"]
[WhiteElo "2446"]
[BlackElo "1825"]
[Annotator "TA"]
[PlyCount "73"]
[EventDate "2020.01.25"]
[EventType "swiss"]
[EventCountry "POR"]
[SourceTitle "playchess.com"]
[Source "ChessBase"]
[SourceQuality "1"]

{[%evp 18,87,54,49,69,61,104,87,113,122,120,130,148,112,116,143,161,157,166,149,152,158,202,179,210,205,187,75,85,0,0,0,-1,0,80,82,178,16,10,-38,-33,-24,-41,-47,-16,-27,-27,-25,-28,-52,9,18,105,36,370,331,316,249,373,385,665,655,622,628,601,614,5414,5413,5357,5393,29988,29989]} 1. d4 g6 2. Nf3 Bg7 3. g3 Nf6 4. Bg2 O-O 5. O-O d6 6. c4 Nbd7 7. Nc3 c6 8. e4 e5 9. h3 Qc7 10. Be3 Kh8 {E69: King's Indian: Fianchetto: 6...Nbd7 7 0-0 e5 8 e4 c6 9 h3} (10... exd4 11. Nxd4 Re8 12. Qc2 a5 13. Rad1 Nc5 14. b3 Bd7 15. Rfe1 {½-½ (15) Sanchez,S (2416)-Escobar Forero,A (2468) Bogota 2018}) 11. Re1 Ng8 $146 ({Predecessor:} 11... a6 12. a4 Re8 13. b4 b6 14. Qb3 Rb8 15. Ng5 Re7 16. c5 bxc5 17. dxc5 Nxc5 18. Bxc5 dxc5 {½-½ (62) Baumgartner,W-Rickenbach,J Leukerbad 1992}) 12. Qc2 Ne7 {White is better.} 13. Rad1 exd4 14. Nxd4 Ne5 15. Nce2 a6 16. f4 Nd7 17. Nc3 c5 18. Nf3 Nb6 19. b3 Nc6 20. g4 f5 21. gxf5 gxf5 22. Nd5 (22. e5 $18 dxe5 23. Nd5 (23. Bxc5 Nd4 $16) 23... Nxd5 24. cxd5) 22... Nxd5 $16 23. cxd5 ({Better is} 23. exd5 $16 Ne7 24. Ng5) 23... Nb4 $11 24. Qd2 {aiming for e5!} fxe4 25. Ng5 Nd3 (25... Bf5 $11 26. Nxe4 Rae8) 26. Re2 $16 Bf5 (26... Bh6 $16 {was necessary.}) 27. Nxe4 $2 (27. Bxe4 $18 {Hoping for Qxd3.} Bxe4 28. Nxe4) 27... Nb2 $1 $11 {[%cal Rb2d1]} 28. Rc1 Rae8 $36 {[%mdl 2048] Black is more active.} 29. Ng3 Bd3 30. Ree1 Bg6 {[#] And now ...Nd3 would win.} 31. f5 Bxf5 32. Nxf5 Rxf5 33. Bg5 Rff8 (33... Qf7 $15 34. Rxe8+ Qxe8) 34. Re6 Qd7 (34... c4 $11 {remains equal.}) 35. Rce1 $16 Bd4+ $2 {[%mdl 8192]} ({Black should try} 35... c4 $1 $14) 36. Kh1 $18 Qf7 37. Qe2 {Played: Bg5-e7} 1-0

[Event "Portugal Open 2020"]
[Site "Lisbon"]
[Date "2020.01.25"]
[Round "1.19"]
[White "Bartolo, Filipe Diogo Correia"]
[Black "Campora, Daniel H."]
[Result "0-1"]
[WhiteElo "1819"]
[BlackElo "2420"]
[Annotator "TA"]
[PlyCount "108"]
[EventDate "2020.01.25"]
[EventType "swiss"]
[EventCountry "POR"]
[SourceTitle "playchess.com"]
[Source "ChessBase"]
[SourceQuality "1"]

{[%evp 9,108,9,17,5,8,-7,25,-25,-14,-44,-40,-96,-42,-145,-152,-151,-147,-182,-181,-197,-197,-179,-186,-295,-291,-301,-315,-300,-279,-266,-239,-228,-177,-252,-241,-302,-282,-317,-255,-257,-221,-462,-454,-412,-327,-324,-170,-208,-170,-170,-170,-195,-200,-201,-183,-203,-184,-213,-218,-220,-214,-214,-204,-291,-227,-311,-314,-389,-389,-377,-379,-464,-347,-464,-468,-439,-410,-495,-483,-900,-829,-771,-768,-1140,-1130,-1057,-1025,-12839,-12839,-29975,-29976,-29976,-29977,-29977,-12839,-29978,-12843,-12843,-12844,-12841,-12839]} 1. e4 e5 2. Nf3 Nc6 3. Bb5 Nf6 4. d3 d6 5. Nc3 g6 6. Be3 {C65: Ruy Lopez: Berlin Defence (3...Nf6), unusual lines and 4 0-0 Bc5} Bg7 7. Qd2 Ng4 $146 ({Predecessor:} 7... O-O 8. Bh6 Be6 9. Ng5 Bxh6 10. h4 Nd4 11. Ba4 a6 12. h5 Nd7 13. Nxe6 Bxd2+ 14. Kxd2 fxe6 15. g4 g5 16. Rh2 Nf3+ {0-1 (16) Schutrak,S (829)-Lehnert,A (1021) Magdeburg 2013}) 8. O-O-O {White has an edge.} (8. Bg5 {looks sharper.} f6 9. Bh4 Bd7 10. a3 a6 11. Ba4) 8... Nxe3 9. Qxe3 O-O 10. h4 (10. Bxc6 $15 bxc6 11. b3) 10... h5 (10... Nd4 $17 11. h5 c6) 11. Kb1 {[#]} ({White should try} 11. Bxc6 $15 bxc6 12. Rde1) 11... Nd4 $1 $17 12. Bc4 c6 13. Ng5 b5 14. Bxf7+ Rxf7 15. Nxf7 Kxf7 16. f4 (16. Ne2 {might work better.}) 16... exf4 $19 17. Rdf1 Kg8 18. Qxf4 Qe7 19. Nd1 Bg4 20. Rf2 Rf8 21. Qe3 (21. Qd2 {keeps fighting.}) 21... Re8 22. Rhf1 b4 ({Not} 22... Qxh4 23. c3 $17) 23. Qe1 Bxd1 24. Qxd1 Qe5 ({Don't play} 24... Qxh4 25. Qe1 $17) 25. Qc1 $2 (25. Qd2 d5 26. Qxb4) 25... Nb5 26. Rf7 Re7 27. Rxe7 Qxe7 (27... Na3+ $142 28. Ka1 Qxe7) 28. Qf4 Qe5 29. Qxe5 Bxe5 30. a4 bxa3 31. c4 Nd4 32. bxa3 a5 33. a4 Kg7 34. Kc1 Bf6 35. Kd2 Bxh4 36. Ke3 (36. Rb1 $142) 36... c5 37. Rb1 Nc2+ 38. Ke2 {[#]} Nb4 $1 39. Rf1 Bf6 40. Rf4 Kf7 41. Rf3 Ke6 42. Rf1 g5 43. Rh1 h4 44. Rc1 (44. Rg1 $142 Na2 45. Kf3) 44... Be5 45. Rf1 Bf4 46. Rh1 Ke5 47. Rb1 Kd4 48. Rb3 g4 49. Ra3 h3 50. gxh3 gxh3 51. Ra1 h2 52. Kf3 Be5 53. Rd1 Nxd3 54. Ke2 Kxe4 {Accuracy: White = 26%, Black = 80%.} 0-1

[Event "Portugal Open 2020"]
[Site "Lisbon"]
[Date "2020.01.25"]
[Round "1.20"]
[White "Damaso, Rui"]
[Black "Gomes, Jose Luis"]
[Result "1-0"]
[WhiteElo "2420"]
[BlackElo "1819"]
[Annotator "TA"]
[PlyCount "85"]
[EventDate "2020.01.25"]
[EventType "swiss"]
[EventCountry "POR"]
[SourceTitle "playchess.com"]
[Source "ChessBase"]
[SourceQuality "1"]

{[%evp 16,85,32,11,43,41,54,30,49,52,53,56,77,63,94,85,88,83,79,64,88,88,83,78,83,73,82,70,122,139,192,112,100,57,84,31,89,88,179,181,323,314,327,308,498,495,505,172,177,175,168,124,225,231,318,256,249,231,231,234,256,258,258,256,242,240,335,333,698,336,352,342]} 1. e4 e5 2. Nf3 Nc6 3. Bb5 Nf6 4. d3 d6 5. O-O Be7 6. c3 O-O 7. Nbd2 a6 8. Ba4 b5 9. Bc2 Bb7 {C77: Ruy Lopez: 3...a6 4 Ba4 Nf6, unusual lines} 10. Re1 h6 11. Nf1 Re8 {White has an edge.} 12. Ng3 Bf8 13. d4 {[#]} Kh8 $146 ({Predecessor:} 13... Qc8 14. b3 Nb8 15. d5 c6 16. c4 a5 17. h3 {½-½ (59) Gutenev,A (2469)-Indjic,A (2619) Moscow 2019}) 14. a4 exd4 15. cxd4 Nb4 16. Bb1 c5 17. Bd2 bxa4 18. d5 a5 19. Bc3 Ba6 20. Rxa4 Bb5 21. Ra3 Nd7 (21... Kg8 $14) 22. Nf5 $16 {And now Nxh6 would win.} Ne5 (22... Nf6 $16 {might work better.}) 23. Nxe5 (23. N3h4 $1 $18) 23... dxe5 24. Bd2 Ra6 25. Rh3 (25. b3 $16) 25... Bd7 ({Black should try} 25... c4 $1 $14) 26. g4 $36 {[%mdl 2048] White is on the roll.} Bxf5 (26... c4 $16) 27. gxf5 $18 ({Not} 27. exf5 Qxd5 28. Qe2 Rd6 $11) 27... Qf6 (27... Qd7 {is a better defense.} 28. Ree3 f6) 28. Kh1 Rb8 29. Rg1 Rbb6 $2 (29... Kg8 30. Rxh6 Qxh6) 30. Bg5 Qd6 {[#]} 31. f6 $2 (31. Rxh6+ $3 {[%mdl 512]} Qxh6 (31... gxh6 32. Qg4) 32. Bxh6 Rxh6 {[#]} 33. f4 $1 {[%mdl 512]}) 31... Qd7 32. fxg7+ Bxg7 33. Rgg3 Kh7 (33... Rg6 $16 {was necessary.}) 34. Be3 Qe7 35. Qc1 Rg6 36. Bxc5 Qd7 37. Be3 Rxg3 38. Rxg3 Rg6 39. Kg2 Bf8 40. Qc4 Rxg3+ 41. hxg3 ({Don't play} 41. Kxg3 Qd8 $18) ({But not} 41. fxg3 Qg4 $18) 41... Qa4 $2 (41... h5 42. Bb6 h4) 42. Bd3 (42. Qc8 $142 Bg7 43. d6) 42... Qd1 43. Be2 {Accuracy: White = 73%, Black = 18%.} 1-0

[Event "Portugal Open 2020"]
[Site "Lisbon"]
[Date "2020.01.25"]
[Round "1.21"]
[White "Pina, Tiago"]
[Black "Butkiewicz, Lukasz"]
[Result "0-1"]
[WhiteElo "1816"]
[BlackElo "2416"]
[Annotator "TA"]
[PlyCount "44"]
[EventDate "2020.01.25"]
[EventType "swiss"]
[EventCountry "POR"]
[SourceTitle "playchess.com"]
[Source "ChessBase"]
[SourceQuality "1"]

{[%evp 14,76,3,-34,-63,-135,-141,-132,-134,-172,-134,-112,-81,-69,-38,-101,-96,-141,-130,-135,-128,-149,-126,-135,-122,-117,-116,-161,-171,-195,-200,-208,-196,-240,-195,-404,-218,-392,-384,-453,-451,-435,-449,-441,-359,-446,-423,-898,-872,-876,-838,-835,-793,-834,-819,-1834,-1343,-29976,-29977,-29981,-29982,-29986,-29987,-29988,-29981]} 1. e4 c5 2. Nf3 e6 3. d4 cxd4 4. Nxd4 Nc6 5. c4 Nf6 6. Nc3 Bb4 7. Nxc6 bxc6 8. e5 Ne4 $1 {[%cal Re4c3] B44: Sicilian: Taimanov: 5 Nb5} 9. Qd4 (9. Bd2 $15 Bxc3 10. Bxc3) (9. Qg4 Nxc3 10. a3 Qa5 11. Qxg7 Ne2+ 12. Kxe2 Rf8 13. axb4 Qxa1 14. Bh6 Qxb2+ 15. Ke3 Qxb4 16. Ke4 {0-1 (45) Gretarsson,H (2410)-Moiseenko,V (2543) Heraklion 2019}) 9... Qa5 $17 {[%cal Re4c3]} 10. Bd2 Nxd2 {Black is clearly better.} 11. Kxd2 O-O 12. Bd3 f5 13. a3 Bc5 $146 ({Predecessor:} 13... c5 14. axb4 Qxa1 15. Rxa1 cxd4 16. Nb5 {1-0 (35) Huliak,P-Chmelar,P Kubin 1978}) 14. Qf4 (14. Qh4 $15 Qd8 15. Qxd8 Rxd8 16. f4) 14... Qd8 15. h4 d6 16. exd6 Bxd6 17. Qe3 e5 {Strongly threatening ...e4.} 18. c5 Bc7 $36 {[%mdl 2048] White is under strong pressure.} 19. Kc2 Be6 20. Rad1 {[#]} Qf6 $1 21. Kb1 {[#]} e4 $1 {[%cal Re4d3]} 22. Bc2 Rfb8 {Played: Ra8-b8} 0-1